000 00286nam a22001217a 4500
005 20170620152808.0
008 170620b xxu||||| |||| 00| 0 eng d
041 _aeng
245 _aGATE 2017 ELECTRONICS & COMM. ENGINEERING
260 _bENGINEERS ACADEMY
300 _a638
942 _cBK
999 _c5474
_d5472